[Event "Quebec-ch qual"]
[Site "Montreal"]
[Date "2019.02.02"]
[Round "2.8"]
[White "Lesage, Philippe"]
[Black "Tesar, Mathias"]
[Result "1-0"]
[WhiteElo "1857"]
[BlackElo "1470"]
[PlyCount "63"]
[EventDate "2019.02.02"]
[EventType "swiss"]
[EventRounds "4"]
[EventCountry "CAN"]
[SourceTitle "EXT 2022"]
[Source "ChessBase"]
[SourceDate "2021.10.06"]
[SourceVersion "1"]
[SourceVersionDate "2021.10.06"]
[SourceQuality "1"]

1. c4 e6 2. Nf3 d5 3. g3 Nf6 4. Bg2 Be7 5. 0-0 0-0 6. d4 Nbd7 7. Nbd2 c5 8. cxd5 Nxd5 9. Nc4 b5 10. Nce5 Bb7 11. Qb3 a6 12. Rd1 c4 13. Nxc4 Rc8 14. Nce5 g6 15. Nxd7 Qxd7 16. Bd2 Nb6 17. Ne1 Bxg2 18. Nxg2 Nc4 19. Ne3 Nxd2 20. Rxd2 Kh8 21. Rad1 a5 22. a3 a4 23. Qd3 Qb7 24. d5 Rfd8 25. Qe4 Rd6 26. Qf3 Rc5 27. dxe6 Qxf3 28. exf3 Rxd2 29. Rxd2 Rc8 30. Nf5 Bc5 31. e7 Bxe7 32. Nxe7 1-0

[Event "Transcontinental Printanier ABCDEF"]
[Site "Montreal"]
[Date "2017.03.31"]
[Round "1"]
[White "Chira, Dan"]
[Black "Tesar, Mathias"]
[Result "1-0"]
[WhiteElo "1424"]
[BlackElo "1419"]
[PlyCount "102"]
[EventDate "2017.03.31"]
[EventType "swiss"]
[EventRounds "5"]
[EventCountry "CAN"]
[SourceTitle "EXT 2022"]
[Source "ChessBase"]
[SourceDate "2021.10.06"]
[SourceVersion "1"]
[SourceVersionDate "2021.10.06"]
[SourceQuality "1"]

1. d4 d5 2. c4 e6 3. Nc3 Nf6 4. Bg5 Be7 5. e3 0-0 6. Bd3 b6 7. Nf3 Bb7 8. Rc1 Nbd7 9. Bf4 Ne4 10. cxd5 exd5 11. 0-0 c5 12. dxc5 bxc5 13. Bb1 Ndf6 14. Nb5 Nd6 15. Nc3 Nde4 16. Re1 Bd6 17. Bxd6 Qxd6 18. Nxe4 Nxe4 19. Bxe4 Rfe8 20. Bb1 h6 21. Qc2 Qf6 22. Qb3 Qe7 23. h3 Rac8 24. Qc2 g6 25. Nh2 h5 26. a4 c4 27. Qc3 Qg5 28. Nf3 Qe7 29. Qd4 Bc6 30. a5 Rcd8 31. Qh4 Rb8 32. Re2 Qxh4 33. Nxh4 Bb5 34. Rd2 Red8 35. Nf3 Kg7 36. Nd4 Rd6 37. Nxb5 Rxb5 38. e4 Rxa5 39. exd5 Raxd5 40. Rxd5 Rxd5 41. Ba2 Rd2 42. Bxc4 Rxb2 43. Bd5 Rb5 44. Bc6 Rb6 45. Ba4 Ra6 46. Bc6 Rb6 47. Rc5 Kf6 48. Bd5 Rd6 49. Rc6 Ke5 50. Rxd6 Kxd6 51. Bxf7 g5 1-0

[Event "Montreal Transcontinental ABCDEFG"]
[Site "Montreal"]
[Date "2016.12.09"]
[Round "1"]
[White "Tesar, Mathias"]
[Black "Chira, Dan"]
[Result "0-1"]
[WhiteElo "1304"]
[BlackElo "1420"]
[PlyCount "98"]
[EventDate "2016.12.09"]
[EventType "swiss"]
[EventRounds "5"]
[EventCountry "CAN"]
[SourceTitle "EXT 2022"]
[Source "ChessBase"]
[SourceDate "2021.10.06"]
[SourceVersion "1"]
[SourceVersionDate "2021.10.06"]
[SourceQuality "1"]

1. d4 c5 2. c3 cxd4 3. cxd4 Nf6 4. Nf3 g6 5. Bg5 Bg7 6. Nbd2 0-0 7. e3 d6 8. h3 Bd7 9. Bc4 d5 10. Bxf6 Bxf6 11. Bxd5 Nc6 12. 0-0 e5 13. dxe5 Nxe5 14. Ne4 Bg7 15. Nxe5 Bxe5 16. Nc3 Rb8 17. Qf3 Qb6 18. Bb3 Bc6 19. Qg4 Rbd8 20. Qg5 Qc7 21. Rfd1 Bg7 22. h4 h6 23. Qxg6 Kh8 24. Qh5 Rde8 25. Rab1 Re5 26. Qg4 Qa5 27. Qf4 Rf5 28. Qd6 Rf6 29. Qd3 Qf5 30. Qxf5 Rxf5 31. Rd2 Bf6 32. Rbd1 Rg8 33. Bxf7 Rxg2+ 34. Kf1 Rh2 35. Nd5 Bxh4 36. Nf4 Rxf7 37. Ng6+ Kg7 38. Nxh4 Rxh4 39. f4 Bf3 40. Rc1 Rh1+ 41. Kf2 Rxc1 42. Kxf3 Re1 43. Kf2 Rh1 44. Kg2 Ra1 45. b3 Re7 46. Kf3 Rc1 47. Re2 Rec7 48. Rd2 R1c2 49. Rxc2 Rxc2 0-1